Developments in long-distance commuter coaching following the Transport Act 1980 /

Bibliographic Details
Main Author: Fairhead, R. D.
Corporate Author: Transport and Road Research Laboratory
Other Authors: Jackson, R. L., Watts, P. F.
Format: Book
Language:English
Published: Crowthorne, Berkshire : Transport and Road Research Laboratory, 1983.
Series:TRRL laboratory report ; 1038.
Subjects:

MARC

Tag First Indicator Second Indicator Subfields
LEADER 00000cam a2200000 a 4500
001 in00000577384
005 20151014073410.0
008 840303s1983 enk b f00010 eng d
035 |a (OCoLC)10482469 
035 |9 ACP4407AM 
040 |a CBT  |c CBT  |d m/c  |d TXA  |d UtOrBLW 
043 |a e-uk-en 
049 1 |a TXA2 
088 |a 1038 
090 |a TE1.A3  |b T7 no. 1038 
100 1 |a Fairhead, R. D. 
245 1 0 |a Developments in long-distance commuter coaching following the Transport Act 1980 /  |c by R.D. Fairhead, R.L. Jackson and P.F. Watts. 
264 1 |a Crowthorne, Berkshire :  |b Transport and Road Research Laboratory,  |c 1983. 
300 |a 29 pages ;  |c 30 cm. 
336 |a text  |b txt  |2 rdacontent 
337 |a unmediated  |b n  |2 rdamedia 
338 |a volume  |b nc  |2 rdacarrier 
490 1 |a TRRL Laboratory report,  |x 0305-1293 ;  |v 1038 
504 |a Includes bibliographical references. 
650 0 |a Commuting  |z England  |z London. 
650 0 |a Bus lines  |x Law and legislation  |z Great Britain. 
700 1 |a Jackson, R. L. 
700 1 |a Watts, P. F. 
710 2 |a Transport and Road Research Laboratory. 
740 0 |a Transport Act 1980. 
830 0 |a TRRL laboratory report ;  |v 1038. 
999 |a MARS 
999 f f |s 6f0b521f-34be-3602-8732-a7671e10d1e9  |i c629adc6-329c-38ea-8d2d-8945f50d6dc0  |t 0 
952 f f |p ric  |a Texas A&M University  |b Rellis Campus  |c Joint Library Facility  |d Remote Storage  |t 0  |e TE1.A3 T7 no.1038  |h Library of Congress classification  |i unmediated -- volume  |m A14810826463 
998 f f |a TE1.A3 T7 no.1038  |t 0  |l Remote Storage